Statistiques concernant Quelles sont les significations de ces sigles/acronymes ?

Cliquez ici pour prendre le quiz!

Statistiques générales

  • Ce quiz a été pris 164 fois
    (111 depuis la dernière actualisation)
  • Le résultat moyen est 9 sur 17

Statistiques - réponses

Sigles/AcronymesRéponses% Correct
OVNIObjet Volant Non Identifié
95%
PIBProduit Intérieur Brut
91%
SDFSans Domicile Fixe
90%
CDIContrat (de travail) à Durée Indéterminée
87%
VTTVélo Tout Terrain / Véhicule Tout Terrain
85%
FAQFoire Aux Questions / Frequently Asked Questions
75%
OGMOrganisme Génétiquement Modifié
75%
CDDContrat (de travail) à Durée Déterminée
74%
IVGInterruption Volontaire de Grossesse
71%
HLMHabitation à Loyer Modéré / Habitation à Loyer Modique
44%
OTANOrganisation du Traité de l'Atlantique Nord
35%
BENELUXBElgique NEderland LUXembourg
27%
SIDASyndrome d'ImmunoDéficience Acquise
14%
MODEMMOdulator-DEModulator / MOdulateur-DEModulateur / MOuvement DEMocrate
12%
PACSPActe Civil de Solidarité
12%
RADARRAdio Detecting And Ranging
0%
UNICEFUnited Nations International Children's Emergency Fund
0%

Distribution des résultats

Percentile par nombre de réponses

% des personnes avec chaque résultat

Votre développement - résultats

Vous n’avez pas pris ce quiz depuis la dernière actualisation